A flash of color and light : a biography of Dale ... Read More
Available copies
- 0 of 1 copy available at LARL/NWRL Consortium.
- 0 of 1 copy available at Lake Agassiz Regional Library. (Show preferred library)
Current holds
0 current holds with 1 total copy.
Show Only Available Copies
| Location | Call Number / Copy Notes | Barcode | Shelving Location | Status | Due Date |
|---|---|---|---|---|---|
| Moorhead Public Library | E 921 CHI (Text) | 33500014090435 | Main | Checked out | 06/20/2026 |
Record details
- ISBN: 9781632171900
- ISBN: 1632171902
- Physical Description: 1 volume (unpaged) : color illustrations ; 28 cm
- Publisher: Seattle, WA : Little Bigfoot, an imprint of Sasquatch Books, [2024]
Content descriptions
| Summary, etc.: | "Travel along with Dale Chihuly on his life's ... Read More |
| Target Audience Note: | Ages 5-9 Little Bifgoot. Grades K-1 Little Bifgoot. |
Search for related items by subject
| Subject: | Chihuly, Dale, 1941- > Juvenile literature. Glass artists > United States > Biography > Juvenile literature. Chihuly, Dale, 1941- > Biography. Glass artists > United States > Biography. |
| LDR | 02346cam a22004698i 4500 | ||
|---|---|---|---|
| 001 | 447738 | ||
| 003 | LARL_NWRL_CONSORTIUM | ||
| 005 | 20241106220409.0 | ||
| 008 | 240620s2024 waua j 000 0beng | ||
| 010 | . | ‡a 2024027987 | |
| 040 | . | ‡aDLC ‡beng ‡erda ‡cDLC ‡dOCLCO ‡dCHILD ‡dZGY | |
| 020 | . | ‡a9781632171900 ‡q(hardback) | |
| 020 | . | ‡a1632171902 ‡q(hardback) | |
| 035 | . | ‡a(OCoLC)1418888755 | |
| 042 | . | ‡apcc | |
| 043 | . | ‡an-us--- | |
| 082 | 0 | 0. | ‡a748.092 ‡aB ‡223/eng/20240620 |
| 100 | 1 | . | ‡aMentyka, Sharon, ‡eauthor. |
| 245 | 1 | 2. | ‡aA flash of color and light : ‡ba biography of Dale Chihuly / ‡cSharon Mentyka ; illustrated by Shelley Couvillion. |
| 264 | 1. | ‡aSeattle, WA : ‡bLittle Bigfoot, an imprint of Sasquatch Books, ‡c[2024] | |
| 300 | . | ‡a1 volume (unpaged) : ‡bcolor illustrations ; ‡c28 cm | |
| 336 | . | ‡atext ‡btxt ‡2rdacontent | |
| 337 | . | ‡aunmediated ‡bn ‡2rdamedia | |
| 338 | . | ‡avolume ‡bnc ‡2rdacarrier | |
| 520 | . | ‡a"Travel along with Dale Chihuly on his life's journey full of curiosity, discovery, teamwork, and perseverance as he overcomes challenges to become a glass artist of international acclaim. Dale Chihuly's early life presented many challenges, such as tragic losses in his family at a young age and an accident that left him blind in one eye, yet his resilience, hard work, and optimism taught him life-long skills that became inseparable from his body of work-incomparable glass creations that provide rich material for the book's gorgeous illustrations"-- ‡cProvided by publisher. | |
| 521 | . | ‡aAges 5-9 ‡bLittle Bifgoot. | |
| 521 | . | ‡aGrades K-1 ‡bLittle Bifgoot. | |
| 600 | 1 | 0. | ‡aChihuly, Dale, ‡d1941- ‡vJuvenile literature. |
| 650 | 0. | ‡aGlass artists ‡zUnited States ‡vBiography ‡vJuvenile literature. | |
| 600 | 1 | 1. | ‡aChihuly, Dale, ‡d1941- ‡vBiography. |
| 650 | 1. | ‡aGlass artists ‡zUnited States ‡vBiography. | |
| 700 | 1 | . | ‡aCouvillion, Shelley, ‡eillustrator. |
| 905 | . | ‡uvanderl | |
| 901 | . | ‡a447738 ‡bAUTOGEN ‡c447738 ‡tbiblio ‡soclc | |

Add to basket
Permalink
Disable Highlighting